[Event "World Junior U20 Girls 2018"]
[Site "Gebze"]
[Date "2018.09.07"]
[Round "3"]
[White "Urh, Zala"]
[Black "Maltsevskaya, Aleksandra"]
[Result "0-1"]
[WhiteElo "2128"]
[BlackElo "2234"]
[Annotator "NA"]
[PlyCount "62"]
[EventDate "2018.09.05"]
[EventType "swiss"]
[EventCountry "TUR"]
[SourceTitle "playchess.com"]
[Source "ChessBase"]
[SourceQuality "1"]
[TimeControl "40/5400+30:1800+30"]

1. d4 {[%emt 0:02:30]} Nf6 {[%emt 0:00:30]} 2. c4 {[%emt 0:00:30]} c5 {[%emt 0:00:30]} 3. d5 {[%emt 0:00:30]} b5 {[%emt 0:00:00]} 4. cxb5 {[%emt 0:00:00]} a6 {[%emt 0:00:00]} 5. f3 {[%emt 0:00:00]} g6 {[%emt 0:00:30]} 6. e4 {[%emt 0:00:30]} Bg7 {[%emt 0:00:00]} 7. e5 {[%emt 0:02:30] A57: Wolga/Benkö-Gambit} (7. Nc3 O-O 8. bxa6 e6 9. Bc4 exd5 10. Nxd5 Nc6 11. Ne2 Ne5 12. Nxf6+ Qxf6 13. Bd5 Bxa6 14. O-O Rab8 {0-1 (28) Vocaturo,D (2579)-Ivanisevic,I (2638) Dubai 2015}) 7... Ng8 {[%emt 0:05:00]} 8. f4 {[%emt 0:00:00]} Nh6 {[%emt 0:04:30]} 9. Nf3 {[%emt 0:04:00]} O-O {[%emt 0:00:30]} 10. Bc4 {[%emt 0:02:30]} axb5 {[%emt 0:01:30]} 11. Bxb5 {[%emt 0:00:30]} Qb6 {[%emt 0:06:30]} 12. Nc3 {[%emt 0:03:30]} d6 {[%emt 0:01:30]} 13. O-O $146 {[%emt 0:03:30]} ({Vorgänger:} 13. Qe2 Nf5 14. O-O Ba6 15. Bxa6 Nxa6 {0-1 (39) Delalande,T (2071)-Kostiuk,T (2322) Avoine 2013}) 13... Nd7 {[%emt 0:27:30]} 14. Qe2 {[%emt 0:23:00]} Nf5 {[%emt 0:01:30]} 15. Kh1 {[%emt 0:08:30]} Nd4 {[%emt 0:06:30]} 16. Nxd4 {[%emt 0:03:30]} cxd4 {[%emt 0:00:30]} 17. Na4 {[%emt 0:00:00]} Qb8 {[%emt 0:14:30]} 18. e6 {[%emt 0:04:00]} Nf6 {[%emt 0:00:30]} 19. exf7+ {[%emt 0:00:30]} Rxf7 {[%emt 0:01:30]} 20. Qc4 {[%emt 0:02:30]} e6 {[%emt 0:12:30]} 21. Bd2 $19 {[%emt 0:10:30]} exd5 {[%emt 0:03:30]} 22. Qe2 {[%emt 0:01:30]} Bg4 {[%emt 0:00:30]} 23. Qd3 {[%emt 0:00:30]} Bf5 {[%emt 0:00:30]} 24. Qe2 {[%emt 0:00:30]} d3 {[%emt 0:00:00]} 25. Bxd3 {[%emt 0:01:30]} Rxa4 {[%emt 0:04:00]} 26. b3 {[%emt 0:00:30]} Ra8 {[%emt 0:00:30]} 27. Bxf5 {[%emt 0:00:30]} gxf5 {[%emt 0:00:30]} 28. Bc3 {[%emt 0:00:30]} Ne4 {[%emt 0:00:30]} 29. Bxg7 {[%emt 0:00:30]} Rxg7 {[%emt 0:00:30]} 30. Qd3 {[%emt 0:00:30]} Kh8 {[%emt 0:00:30]} 31. Qxd5 {[%emt 0:00:30]} Qa7 {[%emt 0:00:30]} 0-1

[Event "World Junior U20 Girls 2018"]
[Site "Gebze"]
[Date "2018.09.07"]
[Round "3"]
[White "Santeramo, Alessia"]
[Black "Hereklioglu, Sude"]
[Result "1/2-1/2"]
[WhiteElo "2124"]
[BlackElo "1930"]
[Annotator "NA"]
[PlyCount "109"]
[EventDate "2018.09.05"]
[EventType "swiss"]
[EventCountry "TUR"]
[SourceTitle "playchess.com"]
[Source "ChessBase"]
[SourceQuality "1"]
[TimeControl "40/5400+30:1800+30"]

1. e4 {[%emt 0:00:30]} c5 {[%emt 0:00:30]} 2. Nf3 {[%emt 0:00:30]} e6 {[%emt 0:00:00]} 3. d4 {[%emt 0:00:00]} cxd4 {[%emt 0:00:00]} 4. Nxd4 {[%emt 0:00:00]} Nc6 {[%emt 0:00:30]} 5. Nc3 {[%emt 0:00:00]} Qc7 {[%emt 0:00:30]} 6. Be3 {[%emt 0:00:00]} a6 {[%emt 0:00:30]} 7. Qf3 {[%emt 0:00:30] B48: Sizilianisch (Paulsen-Variante)} Nf6 {[%emt 0:00:30]} 8. O-O-O {[%emt 0:02:30]} d6 {[%emt 0:02:30]} (8... Ne5 9. Qg3 b5 10. a3 Bb7 11. Bxb5 Rc8 12. Ba4 Nxe4 13. Nxe4 Bxe4 14. Bf4 Qc4 15. Bxe5 Qxa4 {1-0 (38) Vachier Lagrave,M (2789)-Anand,V (2776) Karlsruhe/Baden-Baden 2018}) 9. Qg3 {[%emt 0:10:30]} Nxd4 {[%emt 0:05:30]} 10. Bxd4 {[%emt 0:00:30]} e5 {[%emt 0:00:30]} 11. Be3 {[%emt 0:00:30]} Be6 {[%emt 0:01:30]} 12. Bg5 {[%emt 0:47:00]} Nd7 $146 {[%emt 0:26:00]} ({Vorgänger:} 12... Be7 13. Bxf6 Bxf6 14. Nd5 Qc6 {½-½ (36) Nekhaev,A (2520)-Pessoa,F (2520) ICCF email 2016}) 13. Nd5 {[%emt 0:00:30]} Bxd5 {[%emt 0:00:30]} 14. Rxd5 {[%emt 0:01:30]} Rc8 {[%emt 0:00:30]} 15. c3 {[%emt 0:01:30]} h6 {[%emt 0:06:30]} 16. Qh4 {[%emt 0:11:30]} Rg8 {[%emt 0:08:30]} 17. Be3 {[%emt 0:02:30]} Be7 {[%emt 0:04:30]} 18. Qh3 {[%emt 0:01:30]} Nf6 {[%emt 0:01:30]} 19. Rd3 {[%emt 0:01:30]} Nxe4 {[%emt 0:00:30]} 20. f4 {[%emt 0:00:30]} exf4 {[%emt 0:01:30]} 21. Qf5 $15 {[%emt 0:03:30]} fxe3 {[%emt 0:06:30]} 22. Qxe4 {[%emt 0:00:30]} Kf8 {[%emt 0:00:30]} 23. Be2 {[%emt 0:00:30]} Qc6 {[%emt 0:02:30]} 24. Qg4 {[%emt 0:01:30]} g6 {[%emt 0:04:30]} 25. Rf1 {[%emt 0:03:30]} Kg7 {[%emt 0:00:30]} 26. Qd4+ {[%emt 0:00:00]} f6 {[%emt 0:01:30]} 27. Rxe3 {[%emt 0:00:00]} Bd8 {[%emt 0:01:30]} 28. Bf3 {[%emt 0:12:12]} Qc5 {[%emt 0:18:07]} 29. Qxc5 {[%emt 0:02:19]} Rxc5 {[%emt 0:00:49]} 30. Bxb7 {[%emt 0:00:10]} f5 {[%emt 0:01:28]} 31. Re6 {[%emt 0:01:33]} Bc7 {[%emt 0:02:15]} 32. Rfe1 {[%emt 0:01:37]} a5 {[%emt 0:01:01]} 33. Re7+ {[%emt 0:00:41]} Kf6 {[%emt 0:00:13]} 34. h4 {[%emt 0:01:04]} f4 {[%emt 0:00:09]} 35. Rh7 {[%emt 0:05:01]} Rg7 {[%emt 0:05:49]} 36. Rxh6 {[%emt 0:00:07]} d5 {[%emt 0:00:00]} 37. h5 {[%emt 0:02:30]} f3 {[%emt 0:02:41]} 38. Rxg6+ {[%emt 0:00:10]} Rxg6 {[%emt 0:00:30]} 39. hxg6 {[%emt 0:00:05]} f2 {[%emt 0:00:00]} 40. Rd1 {[%emt 0:00:00]} Kxg6 {[%emt 0:00:00]} 41. Ba6 {[%emt 0:04:31]} Be5 {[%emt 0:05:58]} 42. Kd2 {[%emt 0:10:30]} d4 {[%emt 0:09:30]} 43. cxd4 {[%emt 0:09:20]} Bxd4 {[%emt 0:01:30]} 44. Rf1 {[%emt 0:02:51]} Rd5 {[%emt 0:06:26]} 45. b3 {[%emt 0:01:57]} Bc5+ {[%emt 0:04:39]} 46. Ke2 {[%emt 0:00:35]} Kg5 {[%emt 0:00:48]} 47. Kf3 {[%emt 0:05:46]} Re5 {[%emt 0:00:30]} 48. g3 {[%emt 0:01:51]} Re3+ {[%emt 0:03:19]} 49. Kg2 {[%emt 0:00:11]} Rc3 {[%emt 0:00:00]} 50. Bc4 {[%emt 0:00:24]} a4 {[%emt 0:00:32]} 51. Rd1 {[%emt 0:01:32]} Be3 {[%emt 0:04:09]} 52. Rd3 {[%emt 0:00:35]} Rxd3 {[%emt 0:00:48]} 53. Bxd3 {[%emt 0:00:30]} axb3 {[%emt 0:00:00]} 54. axb3 {[%emt 0:00:16]} Bc5 {[%emt 0:00:00]} 55. Be2 {[%emt 0:00:00]} 1/2-1/2

[Event "World Junior U20 Girls 2018"]
[Site "Gebze"]
[Date "2018.09.07"]
[Round "3"]
[White "Li, Xinyu"]
[Black "Mahalakshmi, M."]
[Result "1/2-1/2"]
[WhiteElo "2086"]
[BlackElo "2213"]
[Annotator "NA"]
[PlyCount "105"]
[EventDate "2018.09.05"]
[EventType "swiss"]
[EventCountry "TUR"]
[SourceTitle "playchess.com"]
[Source "ChessBase"]
[SourceQuality "1"]
[TimeControl "40/5400+30:1800+30"]

1. d4 {[%emt 0:00:30]} Nf6 {[%emt 0:00:30]} 2. c4 {[%emt 0:00:30]} e6 {[%emt 0:00:30]} 3. Nf3 {[%emt 0:00:30]} b6 {[%emt 0:00:00]} 4. g3 {[%emt 0:00:00]} Bb7 {[%emt 0:00:00]} 5. Bg2 {[%emt 0:00:00]} Bb4+ {[%emt 0:00:00]} 6. Bd2 {[%emt 0:00:00]} a5 {[%emt 0:00:00]} 7. O-O {[%emt 0:00:00] LiveBook: 747 Games} O-O {[%emt 0:00:30]} 8. Bf4 {[%emt 0:00:00]} Be7 {[%emt 0:00:30]} 9. Nc3 {[%emt 0:00:00]} Ne4 {[%emt 0:01:30]} 10. Qc2 {[%emt 0:02:30]} Nxc3 {[%emt 0:00:30]} 11. Qxc3 {[%emt 0:00:30]} d6 {[%emt 0:00:00] E16: Damenindisch (Hauptfortsetzung mit Lb4)} (11... Be4 12. Rfd1 f5 13. d5 Bf6 14. Be5 Qe8 15. Bxf6 Rxf6 16. Bf1 Na6 17. Ne1 f4 18. Nf3 Bxf3 19. exf3 {0-1 (33) Almasi,Z (2682)-Fedorchuk,S (2648) Riadh 2017}) 12. Rfd1 {[%emt 0:02:30]} Nd7 {[%emt 0:00:00]} 13. Qc2 {[%emt 0:11:30]} Ra7 $146 {[%emt 0:03:30]} ({Vorgänger:} 13... Nf6 14. d5 e5 15. Bd2 Nd7 16. e4 Nc5 17. Ne1 Bc8 18. Nd3 Bg5 19. f4 exf4 20. gxf4 {½-½ (34) Soudny,J (2564)-Noble,M (2497) ICCF email 2007}) 14. Ne1 {[%emt 0:05:30]} Bxg2 {[%emt 0:03:30]} 15. Nxg2 {[%emt 0:00:30]} Bf6 {[%emt 0:04:30]} 16. Be3 {[%emt 0:32:00]} Qe7 {[%emt 0:23:00]} 17. Rac1 {[%emt 0:01:30]} Rb8 {[%emt 0:10:30]} 18. b3 {[%emt 0:02:30]} c6 {[%emt 0:05:30]} 19. Rd2 {[%emt 0:13:30]} g6 {[%emt 0:11:30]} 20. h3 {[%emt 0:01:30]} Bg7 {[%emt 0:06:30]} 21. Qd3 {[%emt 0:08:30]} Re8 $11 {[%emt 0:06:30]} 22. Rcd1 {[%emt 0:02:30]} Raa8 {[%emt 0:04:30]} 23. Rc2 {[%emt 0:00:30]} Rec8 {[%emt 0:00:30]} 24. Qd2 {[%emt 0:00:30]} Qf8 {[%emt 0:00:30]} 25. Kh2 {[%emt 0:06:30]} d5 {[%emt 0:08:30]} 26. cxd5 {[%emt 0:00:30]} cxd5 {[%emt 0:00:30]} 27. Rdc1 {[%emt 0:00:30]} Nf6 {[%emt 0:00:30]} 28. Ne1 {[%emt 0:06:30]} Ne4 {[%emt 0:02:30]} 29. Qd3 {[%emt 0:00:30]} Qe8 {[%emt 0:01:30]} 30. Nf3 {[%emt 0:01:30]} Rxc2 {[%emt 0:02:30]} 31. Qxc2 {[%emt 0:00:30]} b5 {[%emt 0:00:51]} 32. Nd2 {[%emt 0:06:30]} Nxd2 {[%emt 0:02:58]} 33. Qxd2 {[%emt 0:00:00]} a4 {[%emt 0:00:10]} 34. Bf4 {[%emt 0:01:46]} h5 {[%emt 0:05:33]} 35. Bd6 {[%emt 0:03:04]} Qd8 {[%emt 0:03:09]} 36. Bf4 {[%emt 0:06:27]} axb3 {[%emt 0:01:51]} 37. axb3 {[%emt 0:00:02]} Qf6 {[%emt 0:01:20]} 38. e3 {[%emt 0:03:59]} h4 {[%emt 0:02:40]} 39. Kg2 {[%emt 0:02:54]} hxg3 {[%emt 0:01:17]} 40. Bxg3 {[%emt 0:00:00]} Qf5 {[%emt 0:00:00]} 41. Qc2 {[%emt 0:05:18]} b4 {[%emt 0:19:42]} 42. Qxf5 {[%emt 0:06:30]} gxf5 {[%emt 0:00:07]} 43. Rc7 {[%emt 0:01:30]} Ra3 {[%emt 0:01:40]} 44. Rc8+ {[%emt 0:05:11]} Kh7 {[%emt 0:00:16]} 45. Rb8 {[%emt 0:00:00]} Rxb3 {[%emt 0:00:41]} 46. Bd6 {[%emt 0:00:19]} Kg6 {[%emt 0:01:06]} 47. Rxb4 {[%emt 0:00:30]} Rxb4 {[%emt 0:00:35]} 48. Bxb4 {[%emt 0:00:00]} f4 {[%emt 0:00:19]} 49. Kf3 {[%emt 0:00:00]} fxe3 {[%emt 0:01:04]} 50. fxe3 {[%emt 0:00:30]} Kf5 {[%emt 0:00:59]} 51. Bd6 {[%emt 0:07:16]} Bf6 {[%emt 0:00:41]} 52. Bg3 {[%emt 0:00:12]} Kg5 {[%emt 0:00:00]} 53. Bf2 {[%emt 0:00:25]} 1/2-1/2

[Event "World Junior U20 Girls 2018"]
[Site "Gebze"]
[Date "2018.09.07"]
[Round "3"]
[White "Dwilewicz, Katarzyna"]
[Black "Sliwicka, Alicja"]
[Result "0-1"]
[WhiteElo "2081"]
[BlackElo "2272"]
[Annotator "NA"]
[PlyCount "82"]
[EventDate "2018.09.05"]
[EventType "swiss"]
[EventCountry "TUR"]
[SourceTitle "playchess.com"]
[Source "ChessBase"]
[SourceQuality "1"]
[TimeControl "40/5400+30:1800+30"]

1. e4 {[%emt 0:00:30]} c5 {[%emt 0:00:30]} 2. Nf3 {[%emt 0:00:00]} Nc6 {[%emt 0:00:00]} 3. Bb5 {[%emt 0:01:00]} g6 {[%emt 0:02:00]} 4. O-O {[%emt 0:00:30]} Bg7 {[%emt 0:00:30]} 5. c3 {[%emt 0:02:30]} Nf6 {[%emt 0:03:30]} 6. Re1 {[%emt 0:02:30]} O-O {[%emt 0:00:30]} 7. d4 {[%emt 0:05:30]} Qb6 {[%emt 0:07:30]} 8. Bf1 {[%emt 0:04:30]} cxd4 {[%emt 0:07:30]} 9. cxd4 {[%emt 0:00:30]} d5 {[%emt 0:07:30]} 10. e5 $1 {[%emt 0:01:30]} Ne4 {[%emt 0:00:30]} 11. Nc3 {[%emt 0:03:30]} Nxc3 {[%emt 0:01:30]} 12. bxc3 {[%emt 0:00:30]} Na5 {[%emt 0:03:30]} 13. Ba3 {[%emt 0:03:30]} Qc7 {[%emt 0:00:30]} 14. Rb1 {[%emt 0:12:30]} Re8 {[%emt 0:07:30]} 15. Rb5 {[%emt 0:00:30]} b6 {[%emt 0:01:30]} 16. Rxd5 {[%emt 0:05:30]} Qxc3 $11 {[%emt 0:07:30]} 17. Re3 {[%emt 0:15:30]} Qc6 {[%emt 0:03:30]} 18. Rb5 {[%emt 0:00:30]} Nc4 {[%emt 0:00:30]} 19. Bxc4 {[%emt 0:00:30]} Qxc4 {[%emt 0:00:30]} 20. Rbb3 {[%emt 0:00:30]} Be6 {[%emt 0:05:30]} 21. Ng5 {[%emt 0:07:30]} Bd5 {[%emt 0:01:30]} 22. Rbc3 {[%emt 0:03:30]} Qa6 {[%emt 0:02:30]} 23. Rc7 {[%emt 0:00:30]} Bf8 {[%emt 0:05:30]} 24. Rec3 {[%emt 0:01:30]} Rac8 {[%emt 0:00:30]} 25. Bb4 {[%emt 0:05:30]} Rxc7 {[%emt 0:01:30]} 26. Rxc7 {[%emt 0:00:00]} Rc8 {[%emt 0:02:30]} 27. Rxc8 {[%emt 0:05:09]} Qxc8 {[%emt 0:00:30]} 28. h3 {[%emt 0:03:08]} a5 {[%emt 0:00:30]} 29. Ba3 {[%emt 0:01:59]} Qc4 {[%emt 0:01:30]} 30. e6 {[%emt 0:05:55]} f6 {[%emt 0:00:30]} 31. Nf3 {[%emt 0:01:00]} Bxe6 {[%emt 0:01:30]} 32. Qb1 {[%emt 0:00:55]} b5 {[%emt 0:01:30]} 33. Bc5 {[%emt 0:00:12]} b4 {[%emt 0:00:30]} 34. Qe4 {[%emt 0:04:02]} Qxa2 {[%emt 0:00:30]} 35. g4 {[%emt 0:01:28]} Bd5 {[%emt 0:01:30]} 36. Qf4 {[%emt 0:00:38]} Qb3 {[%emt 0:02:30]} 37. Kg2 {[%emt 0:00:48]} a4 {[%emt 0:00:30]} 38. g5 {[%emt 0:00:31]} fxg5 {[%emt 0:00:30]} 39. Qg4 {[%emt 0:00:36]} a3 {[%emt 0:00:30]} 40. Bxb4 {[%emt 0:00:00]} Qxb4 {[%emt 0:00:00]} 41. Qd7 {[%emt 0:02:39]} Qb7 {[%emt 0:01:00]} 0-1

[Event "World Junior U20 Girls 2018"]
[Site "Gebze"]
[Date "2018.09.07"]
[Round "3"]
[White "Sankova, Stella"]
[Black "Aksoy, Ayca"]
[Result "1-0"]
[WhiteElo "2081"]
[BlackElo "1898"]
[Annotator "NA"]
[PlyCount "103"]
[EventDate "2018.09.05"]
[EventType "swiss"]
[EventCountry "TUR"]
[SourceTitle "playchess.com"]
[Source "ChessBase"]
[SourceQuality "1"]
[TimeControl "40/5400+30:1800+30"]

1. e4 {[%emt 0:00:30]} c5 {[%emt 0:00:30]} 2. Nf3 {[%emt 0:00:00]} e6 {[%emt 0:01:30]} 3. g3 {[%emt 0:00:00]} Nc6 {[%emt 0:02:30]} 4. Bg2 {[%emt 0:00:00]} Be7 {[%emt 0:02:30]} 5. O-O {[%emt 0:00:00]} Nf6 {[%emt 0:01:30]} 6. Qe2 {[%emt 0:01:30]} d6 {[%emt 0:02:30]} 7. c3 {[%emt 0:00:30]} O-O {[%emt 0:01:30]} 8. d4 {[%emt 0:00:00]} e5 {[%emt 0:04:30]} 9. d5 {[%emt 0:08:00]} Nb8 {[%emt 0:01:30]} 10. Ne1 {[%emt 0:19:00]} Na6 {[%emt 0:41:00]} 11. h3 {[%emt 0:03:30]} Nc7 $16 {[%emt 0:00:30]} 12. a4 {[%emt 0:04:30]} Rb8 {[%emt 0:00:30]} 13. f4 {[%emt 0:13:30]} Nd7 {[%emt 0:02:30]} 14. Na3 {[%emt 0:03:30]} b6 {[%emt 0:04:30]} 15. Nf3 {[%emt 0:06:30]} exf4 {[%emt 0:08:30]} 16. Bxf4 {[%emt 0:03:30]} a6 {[%emt 0:03:30]} 17. b4 {[%emt 0:07:30]} b5 {[%emt 0:03:30]} 18. a5 {[%emt 0:00:30]} Bb7 {[%emt 0:10:30]} 19. g4 {[%emt 0:05:30]} Rc8 {[%emt 0:05:03]} 20. Nc2 {[%emt 0:01:30]} Re8 {[%emt 0:01:27]} 21. Qd3 {[%emt 0:05:30]} Bf8 {[%emt 0:04:53]} 22. Rae1 {[%emt 0:02:30]} Be7 {[%emt 0:03:46]} 23. Ne3 {[%emt 0:01:30]} g6 {[%emt 0:05:00]} 24. g5 {[%emt 0:06:10]} cxb4 {[%emt 0:02:28]} 25. cxb4 {[%emt 0:00:13]} f6 {[%emt 0:00:10]} 26. h4 {[%emt 0:02:07]} Ne5 {[%emt 0:00:51]} 27. Bxe5 {[%emt 0:04:27]} fxe5 {[%emt 0:00:09]} 28. Bh3 {[%emt 0:00:47]} Rb8 {[%emt 0:00:02]} 29. Ng4 {[%emt 0:02:08]} Rf8 {[%emt 0:02:00]} 30. Nfh2 {[%emt 0:01:07]} Bc8 {[%emt 0:00:51]} 31. Rxf8+ {[%emt 0:00:54]} Bxf8 {[%emt 0:00:10]} 32. Nf6+ {[%emt 0:03:03]} Kh8 {[%emt 0:00:59]} 33. Rf1 {[%emt 0:01:05]} Bg7 {[%emt 0:00:33]} 34. Bxc8 {[%emt 0:02:50]} Rxc8 {[%emt 0:00:13]} 35. h5 {[%emt 0:00:10]} gxh5 {[%emt 0:00:41]} 36. Qg3 {[%emt 0:00:47]} Qe7 {[%emt 0:01:15]} 37. Nxh5 {[%emt 0:00:57]} Rf8 {[%emt 0:01:15]} 38. Qg4 {[%emt 0:01:07]} Ne8 {[%emt 0:01:07]} 39. Ng3 {[%emt 0:01:08]} Qa7+ {[%emt 0:00:39]} 40. Kg2 {[%emt 0:00:00]} Qe3 {[%emt 0:00:00]} 41. Rxf8+ {[%emt 0:03:00]} Bxf8 {[%emt 0:01:58]} 42. Qc8 {[%emt 0:05:30]} Qd2+ {[%emt 0:00:30]} 43. Kh3 {[%emt 0:01:30]} Qxg5 {[%emt 0:00:30]} 44. Qxe8 {[%emt 0:01:30]} Qh6+ {[%emt 0:00:00]} 45. Qh5 {[%emt 0:01:30]} Qe3 {[%emt 0:01:00]} 46. Qf3 {[%emt 0:03:34]} Qh6+ {[%emt 0:00:30]} 47. Nh5 {[%emt 0:02:34]} Be7 {[%emt 0:00:00]} 48. Qg4 {[%emt 0:00:50]} Qe3+ {[%emt 0:01:00]} 49. Nf3 {[%emt 0:00:16]} Bf8 {[%emt 0:00:00]} 50. Qf5 {[%emt 0:01:10]} Qh6 {[%emt 0:00:00]} 51. Qf6+ {[%emt 0:01:15]} Qxf6 {[%emt 0:01:30]} 52. Nxf6 {[%emt 0:00:01]} 1-0

[Event "World Junior U20 Girls 2018"]
[Site "Gebze"]
[Date "2018.09.07"]
[Round "3"]
[White "Nurgali, Nazerke"]
[Black "Diakonova, Ekaterina"]
[Result "1-0"]
[WhiteElo "2080"]
[BlackElo "2243"]
[Annotator "NA"]
[PlyCount "133"]
[EventDate "2018.09.05"]
[EventType "swiss"]
[EventCountry "TUR"]
[SourceTitle "playchess.com"]
[Source "ChessBase"]
[SourceQuality "1"]
[TimeControl "40/5400+30:1800+30"]

1. d4 {[%emt 0:00:30]} Nf6 {[%emt 0:00:30]} 2. c4 {[%emt 0:00:30]} b6 {[%emt 0:00:00]} 3. f3 {[%emt 0:00:00]} e6 {[%emt 0:00:00]} 4. e4 {[%emt 0:01:00] A50: Queen's Fianchetto Defence (1 d4 Nf6 2 c4 b6)} Bb4+ {[%emt 0:00:30]} (4... Bb7 5. Nc3 d5 6. cxd5 exd5 7. e5 Nfd7 8. f4 c5 9. Nf3 Be7 10. Be3 O-O 11. Be2 Nc6 12. Nxd5 cxd4 13. Bxd4 Nxd4 14. Nxe7+ Qxe7 15. Qxd4 {½-½ (49) Wojtaszek,R (2736)-Delgado Ramirez,N (2618) Baku 2016}) 5. Bd2 {[%emt 0:00:30]} Bxd2+ {[%emt 0:01:30]} 6. Qxd2 {[%emt 0:00:30]} O-O {[%emt 0:01:30]} 7. Nc3 {[%emt 0:01:30]} Bb7 {[%emt 0:09:30]} 8. Bd3 $146 {[%emt 0:04:30]} ({Predecessor:} 8. O-O-O d6 9. g4 Nc6 10. Nge2 Na5 11. Ng3 {1-0 (36) Rowson,J (2565)-Sowray,P (2348) London 2016}) 8... d5 {[%emt 0:03:30]} 9. cxd5 {[%emt 0:11:30]} exd5 {[%emt 0:00:00]} 10. e5 {[%emt 0:01:30]} Nfd7 {[%emt 0:05:00]} 11. Nge2 {[%emt 0:05:30]} c5 {[%emt 0:01:30]} 12. f4 {[%emt 0:01:30]} a6 {[%emt 0:13:30]} 13. O-O {[%emt 0:02:30]} Nc6 {[%emt 0:13:30]} 14. Bc2 {[%emt 0:02:30]} Rc8 {[%emt 0:15:30]} 15. Rad1 {[%emt 0:09:30]} Nxd4 {[%emt 0:03:30]} 16. Nxd4 {[%emt 0:00:30]} cxd4 {[%emt 0:00:00]} 17. Qxd4 {[%emt 0:00:30]} Rc4 {[%emt 0:03:00]} 18. Qd3 {[%emt 0:02:30]} g6 {[%emt 0:00:30]} 19. Bb3 {[%emt 0:00:30]} Nc5 {[%emt 0:00:00]} 20. Qd2 {[%emt 0:15:30]} Nxb3 {[%emt 0:01:00]} 21. axb3 {[%emt 0:00:00]} Rc8 {[%emt 0:02:30]} 22. f5 {[%emt 0:05:00]} Qc7 {[%emt 0:04:37]} 23. f6 {[%emt 0:01:30]} Qc5+ {[%emt 0:01:25]} 24. Kh1 {[%emt 0:01:30]} Rfe8 {[%emt 0:02:35]} 25. Qh6 {[%emt 0:00:30]} Qf8 {[%emt 0:00:02]} 26. Qg5 {[%emt 0:01:30]} Rcd8 {[%emt 0:02:47]} 27. Rd4 {[%emt 0:02:30]} h6 {[%emt 0:01:23]} 28. Qf4 {[%emt 0:02:30]} Kh7 {[%emt 0:01:17]} 29. Rf3 {[%emt 0:00:30]} Re6 {[%emt 0:02:23]} 30. Re3 {[%emt 0:02:30]} Qg8 {[%emt 0:02:37]} 31. Qg3 {[%emt 0:07:22]} g5 {[%emt 0:00:44]} 32. h4 {[%emt 0:02:44]} gxh4 {[%emt 0:01:43]} 33. Qh3 {[%emt 0:00:19]} Bc8 {[%emt 0:02:19]} 34. Rg4 {[%emt 0:02:24]} Ree8 {[%emt 0:04:49]} 35. Rxg8 {[%emt 0:00:41]} Rxg8 {[%emt 0:00:04]} 36. Qxh4 {[%emt 0:01:06]} d4 {[%emt 0:00:01]} 37. Qe4+ {[%emt 0:00:19]} Kh8 {[%emt 0:00:25]} 38. Rd3 {[%emt 0:04:27]} dxc3 {[%emt 0:00:02]} 39. Rxd8 {[%emt 0:00:00]} Rxd8 {[%emt 0:00:30]} 40. bxc3 {[%emt 0:00:00]} Rg8 {[%emt 0:00:00]} 41. Qe3 {[%emt 0:01:08]} Kh7 {[%emt 0:05:17]} 42. Qxb6 {[%emt 0:00:30]} Rg3 {[%emt 0:01:30]} 43. c4 {[%emt 0:01:30]} Be6 {[%emt 0:00:30]} 44. Kh2 {[%emt 0:00:30]} Rd3 {[%emt 0:01:30]} 45. Qb7 {[%emt 0:00:30]} Re3 {[%emt 0:00:30]} 46. Qb8 {[%emt 0:02:30]} Kg6 {[%emt 0:05:30]} 47. Qb6 {[%emt 0:07:30]} Rc3 {[%emt 0:04:45]} 48. Qf2 {[%emt 0:04:30]} Rd3 {[%emt 0:05:29]} 49. Qe2 {[%emt 0:00:30]} Rd4 {[%emt 0:01:54]} 50. Qe3 {[%emt 0:01:30]} Rd8 {[%emt 0:00:42]} 51. Qe4+ {[%emt 0:02:30]} Bf5 {[%emt 0:00:28]} 52. Qf4 {[%emt 0:02:30]} h5 {[%emt 0:03:34]} 53. Kg3 {[%emt 0:01:55]} Rd1 {[%emt 0:00:01]} 54. c5 {[%emt 0:02:36]} Re1 {[%emt 0:00:51]} 55. Qd4 {[%emt 0:05:52]} Rc1 {[%emt 0:02:35]} 56. b4 {[%emt 0:00:38]} Be6 {[%emt 0:01:24]} 57. Qd3+ {[%emt 0:00:17]} Bf5 {[%emt 0:00:10]} 58. Qxa6 {[%emt 0:00:27]} Kg5 {[%emt 0:01:49]} 59. Qa3 {[%emt 0:01:53]} h4+ {[%emt 0:00:12]} 60. Kh2 $18 {[%emt 0:00:04]} Re1 {[%emt 0:02:17]} 61. Qc3 {[%emt 0:00:30]} Re2 {[%emt 0:00:00]} 62. Qc4 {[%emt 0:01:07]} Rc2 {[%emt 0:00:00]} 63. Qxf7 {[%emt 0:00:32]} h3 {[%emt 0:00:00]} 64. Qg7+ {[%emt 0:00:07]} Kf4 {[%emt 0:01:12]} 65. Qg3+ {[%emt 0:00:47]} Ke4 {[%emt 0:00:02]} 66. f7 {[%emt 0:00:13]} Rxg2+ {[%emt 0:01:21]} 67. Qxg2+ {[%emt 0:00:05]} 1-0

[Event "World Junior U20 Girls 2018"]
[Site "Gebze"]
[Date "2018.09.07"]
[Round "3"]
[White "Bai, Xue"]
[Black "Zairbek kyzy, Begimay"]
[Result "1-0"]
[WhiteElo "2073"]
[BlackElo "1770"]
[Annotator "NA"]
[PlyCount "99"]
[EventDate "2018.09.05"]
[EventType "swiss"]
[EventCountry "TUR"]
[SourceTitle "playchess.com"]
[Source "ChessBase"]
[SourceQuality "1"]
[TimeControl "40/5400+30:1800+30"]

1. e4 c6 2. Nc3 d5 3. Nf3 Bg4 4. h3 Bh5 5. exd5 cxd5 6. g4 Bg6 7. d4 Nc6 8. Ne5 a6 $14 ({Better is} 8... e6 $11) 9. Nxc6 bxc6 10. Bf4 e6 11. Na4 Be7 12. Be2 Nf6 13. Be5 {[%emt 0:29:30]} Qa5+ {[%emt 0:20:30]} 14. c3 {[%emt 0:00:30]} Kf8 {[%emt 0:07:30]} 15. b4 {[%emt 0:10:30]} Qd8 {[%emt 0:01:30]} 16. Nc5 {[%emt 0:00:30]} Bxc5 {[%emt 0:02:30]} 17. dxc5 {[%emt 0:16:30]} Ne4 {[%emt 0:00:30]} 18. O-O {[%emt 0:13:30]} h5 {[%emt 0:05:30]} 19. Qd4 {[%emt 0:02:30]} Rh7 {[%emt 0:04:30]} 20. Kg2 {[%emt 0:06:30]} Qg5 {[%emt 0:13:30]} 21. Rh1 {[%emt 0:04:04]} Qd8 {[%emt 0:07:30]} 22. f3 {[%emt 0:02:15]} Nf6 {[%emt 0:08:30]} 23. c4 {[%emt 0:04:07]} Nd7 {[%emt 0:00:30]} 24. cxd5 {[%emt 0:00:13]} Nxe5 {[%emt 0:02:30]} 25. Qxe5 {[%emt 0:00:30]} Qxd5 {[%emt 0:00:30]} 26. Qxd5 {[%emt 0:00:30]} exd5 {[%emt 0:00:30]} 27. Rhe1 {[%emt 0:00:30]} Bc2 {[%emt 0:00:30]} 28. a4 {[%emt 0:00:30]} hxg4 {[%emt 0:00:30]} 29. hxg4 {[%emt 0:00:30]} Rh6 {[%emt 0:00:30]} 30. b5 {[%emt 0:03:40]} axb5 {[%emt 0:10:01]} 31. axb5 {[%emt 0:00:03]} Rxa1 {[%emt 0:00:35]} 32. Rxa1 {[%emt 0:00:30]} cxb5 {[%emt 0:00:00]} 33. Rc1 {[%emt 0:00:46]} Bb3 {[%emt 0:01:03]} 34. Bxb5 {[%emt 0:00:08]} Bc4 {[%emt 0:00:15]} 35. Bxc4 {[%emt 0:02:20]} dxc4 {[%emt 0:00:30]} 36. Rxc4 {[%emt 0:00:00]} Rc6 {[%emt 0:00:00]} 37. f4 {[%emt 0:01:42]} Ke7 {[%emt 0:00:18]} 38. Kf3 {[%emt 0:00:03]} Kd7 {[%emt 0:00:33]} 39. Ke4 {[%emt 0:00:10]} Rg6 {[%emt 0:00:18]} 40. Kd5 {[%emt 0:00:00]} Rxg4 {[%emt 0:00:00]} 41. c6+ {[%emt 0:03:59]} Kc7 {[%emt 0:09:27]} 42. Ra4 {[%emt 0:00:00]} g5 {[%emt 0:01:30]} 43. Ra7+ {[%emt 0:00:00]} Kb8 {[%emt 0:00:30]} 44. c7+ {[%emt 0:01:30]} Kxa7 {[%emt 0:00:30]} 45. c8=Q {[%emt 0:00:30]} Rxf4 {[%emt 0:00:30]} 46. Kc5 {[%emt 0:00:30]} f6 {[%emt 0:00:30]} 47. Kb5 {[%emt 0:00:30]} Rf1 {[%emt 0:01:30]} 48. Qc2 {[%emt 0:01:30]} Rf4 {[%emt 0:01:30]} 49. Kc6 {[%emt 0:00:30]} Rh4 {[%emt 0:01:30]} 50. Qc5+ {[%emt 0:00:30]} 1-0